| 000 | 00442nab a2200145Ia 4500 | ||
|---|---|---|---|
| 003 | ES-SlBCS | ||
| 005 | 20210601142658.0 | ||
| 008 | 140529s2010 xxu||||| |||| 00| 0 spa d | ||
| 041 | _aspa | ||
| 100 | 1 |
_aCastells, Pere _9123297 |
|
| 245 | 0 | 0 |
_aCocina al vacío _c Pere Castells |
| 650 | 0 | 4 |
_aCocina al Vacío _9275470 |
| 773 | 0 |
_tInvestigacion y Ciencia (Traducción de: Scientific American) _gnº. 402, 2010, págs. 39 _wRev1650 |
|
| 942 | _cAR | ||
| 999 |
_c680421 _d680421 |
||